| 000 | 00647nam a22001217a 4500 | ||
|---|---|---|---|
| 040 | _cRUA | ||
| 100 | _aNET DET. ណេត ដេត | ||
| 245 | _aGASTRO INTESTINAL PARASITES IN DOMESTIC CHICKEN AT PORIENG COMMUNE, PORIENG DISTRICT, PREY VENG PROVINCE. បរាសិតក្នុងប្រដាប់រំលាយអាហារមាន់នៅឃុំពោធិ៍រៀង ស្រុកពោធិ៍រៀង ខេត្តព្រៃវែង | ||
| 260 |
_aPhnom Penh _bRUA _c2020 |
||
| 300 |
_aIX.34P _bVII. _c29CM |
||
| 856 | _uhttps://drive.google.com/file/d/1chl2f_OD_TKZ7VIWAF0XYSZxV4kK4RFe/view?usp=sharing | ||
| 942 | _cVEM | ||
| 999 |
_c21658 _d21658 |
||